000 00550nam a22001337a 4500
020 _a978-1-407116-16-7
082 _a823
_bMCO/U
100 _aMÇOMBIE KAREN
245 _aAN URGENT MESSAGE OF WOWNESS
260 _aLONDON
_bSCHOLASTIC HILDRENS BOOK
_c2009
300 _a199
520 _aHeather thinks everyone in her family comes from Planet Perfect. Then dad drops a bombshell, and the world turns upside down. Life becomes surprising, exciting and just a little bit mad. But in this topsy-turvy new family, will Heather still fit in?
942 _cBK
999 _c6186
_d6186